Top 30 season PPG in the NBA - Statistics

General Stats
  • This quiz has been taken 40 times
  • The average score is 23 of 30
Answer Stats
PPG Answer % Correct
37.1 Michael Jordan
100%
35.0 Michael Jordan
100%
33.6 Michael Jordan
100%
32.6 Michael Jordan
100%
32.5 Michael Jordan
100%
50.4 Wilt Chamberlain
100%
44.8 Wilt Chamberlain
100%
38.4 Wilt Chamberlain
100%
37.6 Wilt Chamberlain
100%
36.9 Wilt Chamberlain
100%
34.7 Wilt Chamberlain
100%
33.5 Wilt Chamberlain
100%
36.1 James Harden
92%
34.3 James Harden
92%
35.4 Kobe Bryant
83%
38.3 Elgin Baylor
72%
34.8 Elgin Baylor
72%
34.0 Elgin Baylor
72%
34.8 Kareem Abdul-Jabbar
69%
33.0 Allen Iverson
64%
33.9 Luka Doncic
58%
32.4 Luka Doncic
58%
33.1 Joel Embiid
56%
34.5 Bob McAdoo
53%
33.5 George Gervin
47%
32.3 George Gervin
47%
35.6 Rick Barry
47%
32.8 Shai Gilgeous-Alexander
42%
32.9 Bernard King
33%
34.0 Nate Archibald
28%
No matching quizzes found
Score Distribution
Percent of People with Each Score
Percentile by Number Answered
Your Score History
You have not taken this quiz